| 000 | 00382nam a2200133 4500 | ||
|---|---|---|---|
| 999 |
_c8209 _d8209 |
||
| 003 | OSt | ||
| 005 | 20200813113303.0 | ||
| 008 | 200813b ||||| |||| 00| 0 eng d | ||
| 020 | _a9781259002892 | ||
| 082 |
_a721.021 _bCAL |
||
| 100 |
_aCallender, John Hancock; Watson, Donald, Crosbie, Michael J. _d1937- |
||
| 245 | _aTime-saver standards for architectural design data | ||
| 942 | _2ddc | ||